000 01011nam a2200217Ia 4500
003 Ost
005 20260507075121.0
008 260507s9999||||xx |||||||||||||| ||und||
040 _cfsecg
041 _aara
082 _a336.014
100 _aعبد العزيز، سمير محمد
_eمؤلف
245 0 _aالتمويل العام :
_bالمدخل الإدخاري والضريبي، المدخل الإسلامي والمدخل الدولي /
_c سمير محمد عبد العزيز
250 _aطبعة 2
260 _aالإسكندرية:
_bمكتبة ومطبعة الإشعاع الفنية,
_c1998
300 _a331 صفحة؛
_bإيضاحات ؛
_c24 سم
520 _aالمدخل الإدخاري والضريبي- المدخل الإسلامي في تمويل التنمية- مدخل التمويل الدولي للتنمية
653 _aالتنمية الاقتصادية- التمويل
653 _aالمالية العامة- الفقه الإسلامي
942 _cكتاب
999 _c43077
_d43077